[Event "World Open"]
[Site "Philadelphia"]
[Date "2011.07.02"]
[Round "4"]
[White "Shabalov, Alexander"]
[Black "Plotkin, Victor"]
[Result "1/2-1/2"]
[WhiteElo "2586"]
[BlackElo "2243"]
[PlyCount "119"]
[EventDate "2011.06.??"]
[EventType "swiss"]
[EventRounds "9"]
[EventCountry "USA"]
[Source "MonRoi"]

1. c4 Nf6 2. Nc3 e6 3. e4 d5 4. e5 d4 5. exf6 dxc3 6. bxc3 Qxf6 7. d4 c5 8. Nf3
cxd4 9. Bg5 Qf5 10. cxd4 Bb4+ 11. Bd2 Nc6 12. Be2 Qa5 13. Bxb4 Qxb4+ 14. Qd2
Ke7 15. Qxb4+ Nxb4 16. Kd2 Rd8 17. Rab1 Nc6 18. Ke3 b6 19. c5 Bd7 20. Rhc1 bxc5
21. dxc5 Rab8 22. Bb5 f6 23. Nd2 e5 24. Ne4 Nd4 25. Bd3 Nf5+ 26. Ke2 Bc6 27. f3
Rxb1 28. Rxb1 Nh4 29. Nd6 Nxg2 30. Be4 Nf4+ 31. Ke3 Nd5+ 32. Bxd5 Bxd5 33. Rb5
Kd7 34. Ra5 Kc6 35. Rxa7 Kxc5 36. Ne4+ Bxe4 37. Kxe4 Rd4+ 38. Ke3 Rh4 39. Rxg7
Rxh2 40. Rf7 Rxa2 41. Rxh7 Kd5 42. Rd7+ Ke6 43. Rb7 f5 44. Rb6+ Kd5 45. Rb5+
Ke6 46. Rb6+ Kf7 47. Rc6 Ra4 48. Rb6 f4+ 49. Kf2 Ra2+ 50. Kf1 Ke7 51. Rh6 Rd2
52. Ra6 Rd6 53. Ra8 Ke6 54. Ra2 Kd5 55. Ke2 Rh6 56. Ra5+ Kd4 57. Ra4+ Kc3 58.
Re4 Rh5 59. Kf1 Kd3 60. Kf2 1/2-1/2

[Event "World Open"]
[Site "Philadelphia"]
[Date "2011.07.02"]
[Round "4"]
[White "Krush, Irina"]
[Black "Wang, Kevin"]
[Result "1/2-1/2"]
[WhiteElo "2487"]
[BlackElo "2192"]
[PlyCount "85"]
[EventDate "2011.06.??"]
[EventType "swiss"]
[EventRounds "9"]
[EventCountry "USA"]
[Source "MonRoi"]

1. d4 d5 2. c4 c6 3. Nf3 Nf6 4. Nc3 e6 5. Bg5 dxc4 6. e4 b5 7. e5 h6 8. Bh4 g5
9. Nxg5 hxg5 10. Bxg5 Nbd7 11. exf6 Bb7 12. g3 Qb6 13. Bg2 O-O-O 14. O-O c5 15.
d5 b4 16. Na4 Qb5 17. a3 Nb8 18. axb4 cxb4 19. Qd4 Nc6 20. dxc6 Rxd4 21. cxb7+
Kb8 22. Be3 e5 23. b3 c3 24. Rfd1 Bh6 25. Bxd4 exd4 26. Rxd4 c2 27. f4 Qe2 28.
Re4 Qd2 29. Ree1 Rd8 30. Bf3 Qd3 31. Be4 Qd4+ 32. Kh1 Qxa1 33. Rxa1 Rd1+ 34.
Kg2 Rxa1 35. Nc5 c1=Q 36. Nd7+ Kc7 37. b8=Q+ Kxd7 38. Qb5+ Kd8 39. Qb8+ Qc8 40.
Qd6+ Qd7 41. Qb8+ Qc8 42. Qd6+ Qd7 43. Qb8+ 1/2-1/2

[Event "World Open"]
[Site "Philadelphia"]
[Date "2011.07.02"]
[Round "4"]
[White "Yang, Darwin"]
[Black "Tuhrim, Richard"]
[Result "1-0"]
[WhiteElo "2434"]
[BlackElo "2173"]
[PlyCount "97"]
[EventDate "2011.06.??"]
[EventType "swiss"]
[EventRounds "9"]
[EventCountry "USA"]
[Source "MonRoi"]

1. d4 Nf6 2. c4 c5 3. d5 e6 4. Nc3 exd5 5. cxd5 d6 6. e4 g6 7. h3 Bg7 8. Nf3
O-O 9. Bd3 Re8 10. O-O c4 11. Bc2 Na6 12. Re1 Nb4 13. Bb1 Bd7 14. Bf4 Qb6 15.
a4 Rac8 16. Be3 Qa6 17. Nd4 Re7 18. Qd2 Rce8 19. Ncb5 Bxb5 20. Nxb5 Nd3 21.
Bxd3 cxd3 22. f3 Nxd5 23. exd5 Rxe3 24. Rxe3 Qb6 25. Rae1 Bh6 26. Kf2 a6 27.
Nxd6 Rxe3 28. Rxe3 Bxe3+ 29. Qxe3 Qxd6 30. Qxd3 Qb6+ 31. Kg3 Qd6+ 32. Kf2 Qb6+
33. Kf1 Qd6 34. Qe4 Kf8 35. b4 b6 36. Qc4 Ke7 37. Qxa6 Qxd5 38. Qe2+ Kd6 39.
Qc2 Qd4 40. Qb3 f5 41. Ke2 Qg1 42. Qd1+ Qxd1+ 43. Kxd1 Kd5 44. Kd2 Kc4 45. a5
bxa5 46. bxa5 Kb5 47. Ke3 Kxa5 48. Kf4 h6 49. Ke5 1-0

[Event "World Open"]
[Site "Philadelphia"]
[Date "2011.07.02"]
[Round "4"]
[White "Sharevich, Anna"]
[Black "Lee, Michael"]
[Result "0-1"]
[WhiteElo "2344"]
[BlackElo "2395"]
[PlyCount "120"]
[EventDate "2011.06.??"]
[EventType "swiss"]
[EventRounds "9"]
[EventCountry "USA"]
[Source "MonRoi"]

1. d4 Nf6 2. c4 g6 3. Nc3 Bg7 4. e4 d6 5. Bg5 h6 6. Be3 Ng4 7. Bc1 e5 8. d5 f5
9. exf5 gxf5 10. Be2 Nf6 11. Bh5+ Nxh5 12. Qxh5+ Kf8 13. f4 Qe8 14. Qxe8+ Kxe8
15. Nge2 Na6 16. Be3 h5 17. Kd2 Bd7 18. Rab1 Kf7 19. b4 Rhg8 20. Rhg1 b6 21. g3
e4 22. Bd4 Bf8 23. Nd1 Nb8 24. b5 a5 25. Ne3 Bg7 26. Bxg7 Kxg7 27. Nd4 Kf6 28.
Rg2 Bc8 29. h3 Nd7 30. Ndxf5 Nc5 31. g4 Bxf5 32. Nxf5 Rh8 33. Ne3 hxg4 34. hxg4
Rh3 35. g5+ Kg7 36. f5 Rah8 37. Rf1 Rf3 38. Rgf2 Rhh3 39. Rxf3 exf3 40. Ng4 Rg3
41. f6+ Kg6 42. Nf2 Rxg5 43. Ke3 Kxf6 44. Kxf3 Ke5 45. Rd1 Rf5+ 46. Kg2 Rf4 47.
Re1+ Kf6 48. Re8 Rxc4 49. Rc8 Na4 50. Kf3 Ke5 51. Ng4+ Kd4 52. Nf6 Nc3 53. Rh8
Nxb5 54. Rh4+ Kc3 55. Ne4+ Kb2 56. Ke3 Kxa2 57. Kd3 Rd4+ 58. Kc2 Ka3 59. Rh3+
Kb4 60. Rb3+ Kc4 0-1

[Event "World Open"]
[Site "Philadelphia"]
[Date "2011.07.02"]
[Round "4"]
[White "Gokhale, Chandrashekhar"]
[Black "Hess, Peter"]
[Result "1-0"]
[WhiteElo "2268"]
[BlackElo "1948"]
[PlyCount "43"]
[EventDate "2011.06.??"]
[EventType "swiss"]
[EventRounds "9"]
[EventCountry "USA"]
[Source "MonRoi"]

1. d4 e6 2. c4 Nf6 3. Nc3 d5 4. Bg5 Be7 5. e3 O-O 6. Qc2 b6 7. cxd5 exd5 8. Bd3
h6 9. Bxf6 Bxf6 10. Nf3 Re8 11. O-O Na6 12. Qa4 Nb8 13. Nxd5 c6 14. Nxf6+ Qxf6
15. Ne5 b5 16. Qc2 Bb7 17. Rfc1 a5 18. a4 Na6 19. Nxc6 Bxc6 20. Qxc6 Qxc6 21.
Rxc6 Nb4 22. Bxb5 1-0

[Event "World Open"]
[Site "Philadelphia"]
[Date "2011.07.02"]
[Round "4"]
[White "Lapshun, Yury"]
[Black "Rosen, Eric"]
[Result "1-0"]
[WhiteElo "2442"]
[BlackElo "2216"]
[PlyCount "163"]
[EventDate "2011.06.??"]
[EventType "swiss"]
[EventRounds "9"]
[EventCountry "USA"]
[Source "MonRoi"]

1. d4 Nf6 2. Nf3 e6 3. Bf4 c5 4. e3 cxd4 5. exd4 b6 6. Nbd2 Bb7 7. Bd3 Be7 8.
O-O O-O 9. Re1 d6 10. h3 Nbd7 11. a4 Rc8 12. c3 Qc7 13. a5 Bc6 14. axb6 axb6
15. Qe2 Ra8 16. Bb5 Rfc8 17. Rxa8 Rxa8 18. Qc4 Nb8 19. Nb3 Qb7 20. Bxc6 Nxc6
21. Ra1 Rxa1+ 22. Nxa1 b5 23. Qa2 Qa7 24. Qxa7 Nxa7 25. Nc2 Nc6 26. Bg5 Kf8 27.
Bxf6 Bxf6 28. Kf1 Ke8 29. Ke2 Kd7 30. Kd3 Kc7 31. c4 bxc4+ 32. Kxc4 Kb6 33. Nb4
Na5+ 34. Kc3 Kb5 35. Nc2 Nc4 36. h4 h6 37. b3 Nb6 38. Ne3 Be7 39. g4 g5 40. h5
Kc6 41. Kd3 Bd8 42. Nd2 d5 43. Nf3 f6 44. Kc3 Nc8 45. Ne1 Nd6 46. Kd3 Bc7 47.
f3 Nc8 48. N1c2 Ne7 49. Nd1 Bd6 50. Nc3 Kb6 51. Ne2 Nc6 52. Kc3 Kb5 53. Nc1 f5
54. Nd3 fxg4 55. fxg4 Be7 56. Nce1 Nb8 57. Nf3 Nd7 58. Nfe5 Nf6 59. Kc2 Bf8 60.
Nf2 Bg7 61. Nf7 Nd7 62. Kc3 Nc5 63. Nd6+ Kc6 64. Nf7 Kb5 65. Nd1 Ne4+ 66. Kd3
Kb4 67. Nd8 Kxb3 68. Nxe6 Bh8 69. Nc7 Nf6 70. Ne3 Ne4 71. Ncxd5 Nf2+ 72. Ke2
Ne4 73. Nf5 Kc4 74. Nde3+ Kc3 75. d5 Be5 76. Nxh6 Ng3+ 77. Kf3 Kd3 78. Nf7 Bf4
79. Ng2 Bb8 80. h6 Ne4 81. Ne1+ Kd4 82. h7 1-0

[Event "World Open"]
[Site "Philadelphia"]
[Date "2011.07.02"]
[Round "4"]
[White "Korley, Kassa"]
[Black "Leve, Nitai"]
[Result "1-0"]
[WhiteElo "2292"]
[BlackElo "2131"]
[PlyCount "89"]
[EventDate "2011.06.??"]
[EventType "swiss"]
[EventRounds "9"]
[EventCountry "USA"]
[Source "MonRoi"]

1. d4 d5 2. c4 e6 3. cxd5 exd5 4. Nc3 c6 5. Bf4 Bf5 6. e3 Bd6 7. Bxd6 Qxd6 8.
Nge2 Nf6 9. Ng3 Bg6 10. h4 h5 11. Bd3 Bxd3 12. Qxd3 g6 13. e4 dxe4 14. Ngxe4
Qe7 15. O-O-O O-O 16. Rhe1 Nbd7 17. Qg3 Rfe8 18. f3 Nxe4 19. Nxe4 Nf6 20. Nc5
Qf8 21. Nxb7 Qb4 22. Nc5 Nd5 23. Qf2 Rab8 24. Nb3 a5 25. Rxe8+ Rxe8 26. Qd2
Qc4+ 27. Kb1 Re2 28. Rc1 Rxd2 29. Rxc4 Rxg2 30. Nxa5 g5 31. Rc1 gxh4 32. Rh1
Ne3 33. a4 Rf2 34. Rxh4 Rxf3 35. Nxc6 Rf5 36. a5 Kg7 37. a6 Rf1+ 38. Ka2 Nc2
39. Kb3 Ne3 40. Rxh5 f5 41. a7 Ra1 42. Kb4 Ra2 43. Kc5 f4 44. Rh4 f3 45. Rf4
1-0

[Event "World Open"]
[Site "Philadelphia"]
[Date "2011.07.02"]
[Round "4"]
[White "Most, Eric"]
[Black "Homa, Seth"]
[Result "1-0"]
[WhiteElo "2129"]
[BlackElo "2275"]
[PlyCount "105"]
[EventDate "2011.06.??"]
[EventType "swiss"]
[EventRounds "9"]
[EventCountry "USA"]
[Source "MonRoi"]

1. e4 c5 2. Nf3 e6 3. d3 Nc6 4. g3 g6 5. Bg2 Bg7 6. O-O Nge7 7. Re1 e5 8. Be3
d6 9. c3 O-O 10. a3 a5 11. a4 h6 12. Na3 Be6 13. d4 exd4 14. cxd4 d5 15. exd5
Nxd5 16. Nb5 Nxe3 17. fxe3 cxd4 18. exd4 Bd5 19. Ne5 Bxg2 20. Kxg2 Rc8 21. Nf3
Nb4 22. Re2 Qd7 23. Ra3 b6 24. Rc3 Nd5 25. Rxc8 Rxc8 26. Qb3 Rc1 27. Nc3 Nb4
28. Qc4 g5 29. Qb5 Qxb5 30. Nxb5 Bf6 31. h3 Nd5 32. Nd2 Rc2 33. b3 Rb2 34. Kf2
Nc3 35. Nxc3 Bxd4+ 36. Kf3 Bxc3 37. Ne4 Rxe2 38. Kxe2 Be5 39. g4 Kf8 40. Kd3
Ke7 41. Nd2 h5 42. gxh5 Bh2 43. Nc4 Bg1 44. h6 Kf6 45. Ne5 Bc5 46. h7 Kg7 47.
Nxf7 Kxh7 48. Nxg5+ Kg6 49. Ne4 Bg1 50. Kc4 Kf5 51. Nc3 Ke5 52. Nd5 Ke4 53. h4
1-0

[Event "World Open"]
[Site "Philadelphia"]
[Date "2011.07.02"]
[Round "4"]
[White "Thaler, Michael"]
[Black "Krishnan, Varun"]
[Result "1-0"]
[WhiteElo "2244"]
[BlackElo "2253"]
[PlyCount "81"]
[EventDate "2011.06.??"]
[EventType "swiss"]
[EventRounds "9"]
[EventCountry "USA"]
[Source "MonRoi"]

1. e4 c5 2. Nf3 Nc6 3. d4 cxd4 4. Nxd4 Nf6 5. Nc3 e5 6. Ndb5 d6 7. Bg5 a6 8.
Na3 b5 9. Bxf6 gxf6 10. Nd5 f5 11. g3 Bg7 12. Bg2 f4 13. c3 O-O 14. O-O Kh8 15.
Qh5 Rb8 16. Nc2 Ne7 17. Ncb4 Bb7 18. Nxe7 Qxe7 19. Rad1 Qe6 20. Nd5 a5 21. Bh3
Qg6 22. Qe2 Qh6 23. Bf5 Ba8 24. Rd3 b4 25. c4 Bb7 26. g4 a4 27. Kg2 Qg5 28. Rh3
Bh6 29. Rh5 Qg7 30. Qf3 Bc8 31. Ne7 f6 32. Nxc8 Rbxc8 33. Qh3 Qb7 34. Rxh6 Rc7
35. Qh4 Rcf7 36. Rd1 Qc7 37. Rxd6 f3+ 38. Kxf3 Kg8 39. Rdxf6 Qxc4 40. Qg5+ Rg7
41. Bxh7+ 1-0

[Event "World Open"]
[Site "Philadelphia"]
[Date "2011.07.02"]
[Round "5"]
[White "Harikrishna, Penteala"]
[Black "Amanov, Mesgen"]
[Result "1/2-1/2"]
[WhiteElo "2666"]
[BlackElo "2517"]
[PlyCount "99"]
[EventDate "2011.06.??"]
[EventType "swiss"]
[EventRounds "9"]
[EventCountry "USA"]
[Source "MonRoi"]

1. d4 d5 2. c4 e6 3. Nc3 c6 4. Nf3 Nf6 5. g3 dxc4 6. Bg2 b5 7. O-O Nbd7 8. Ng5
Qb6 9. e4 h6 10. e5 hxg5 11. exf6 gxf6 12. Be3 Bb7 13. b3 Qa5 14. Ne4 c3 15. a3
b4 16. axb4 Qf5 17. b5 Qxb5 18. Nxc3 Qf5 19. Qb1 Qxb1 20. Rfxb1 a5 21. Ne4 Bb4
22. Bd2 Ke7 23. Bxb4+ axb4 24. Ra4 c5 25. Nxc5 Bxg2 26. Kxg2 Rxa4 27. bxa4 Nxc5
28. dxc5 Rc8 29. Rxb4 Rxc5 30. Rb7+ Kf8 31. Rb2 Ra5 32. Ra2 g4 33. Kf1 Ke7 34.
Ke2 Rh5 35. a5 Rxh2 36. a6 Rh8 37. Ke3 Ra8 38. a7 Kd6 39. Kf4 Kc6 40. Kxg4 Kb6
41. Kh5 Rh8+ 42. Kg4 Ra8 43. Ra4 Rg8+ 44. Kh3 Ra8 45. Rf4 Rxa7 46. Rxf6 Kc6 47.
Kg4 Kd6 48. Kg5 Ke7 49. Rf4 Ra8 50. Rb4 1/2-1/2

[Event "World Open"]
[Site "Philadelphia"]
[Date "2011.07.02"]
[Round "5"]
[White "Gerzhoy, Leonid"]
[Black "Gareev, Timur"]
[Result "1/2-1/2"]
[WhiteElo "2496"]
[BlackElo "2613"]
[PlyCount "56"]
[EventDate "2011.06.??"]
[EventType "swiss"]
[EventRounds "9"]
[EventCountry "USA"]
[Source "MonRoi"]

1. Nf3 g6 2. d4 Bg7 3. c4 c5 4. e4 d6 5. Nc3 Nf6 6. Be2 O-O 7. O-O Bg4 8. d5 e6
9. dxe6 Bxe6 10. Bf4 Qb6 11. Qb3 Qc6 12. Rad1 Nxe4 13. Nxe4 Qxe4 14. Bxd6 Re8
15. Rfe1 Qc6 16. Ne5 Qa6 17. Qb5 Qxb5 18. cxb5 Bxe5 19. Bxe5 Nd7 20. Bc3 a6 21.
bxa6 bxa6 22. Bf3 Ra7 23. Bc6 Re7 24. Ba5 Kf8 25. a3 Bb3 26. Rxe7 Kxe7 27. Rc1
Kd6 28. Bf3 Ne5 1/2-1/2

[Event "World Open"]
[Site "Philadelphia"]
[Date "2011.07.02"]
[Round "5"]
[White "Bluvshtein, Mark"]
[Black "Zapata, Alonso"]
[Result "0-1"]
[WhiteElo "2611"]
[BlackElo "2477"]
[PlyCount "106"]
[EventDate "2011.06.??"]
[EventType "swiss"]
[EventRounds "9"]
[EventCountry "USA"]
[Source "MonRoi"]

1. d4 Nf6 2. c4 g6 3. Nc3 Bg7 4. e4 d6 5. Nf3 O-O 6. h3 Nbd7 7. Bg5 e5 8. d5 a5
9. Be2 Nc5 10. Nd2 Bd7 11. Rc1 c6 12. O-O a4 13. Qc2 Qb6 14. Kh1 Rfc8 15. f4
exf4 16. Bxf4 Ne8 17. a3 Qd8 18. Rce1 cxd5 19. Nxd5 Be6 20. Nc3 Nd7 21. Nxa4 b5
22. Nc3 bxc4 23. Nf3 Ne5 24. Qd2 Nxf3 25. Bxf3 Rab8 26. Rf2 Qa5 27. Rc1 Rb3 28.
Be3 Rcb8 29. Rc2 Be5 30. Bd4 Nf6 31. Bxe5 Qxe5 32. Qd1 Nd7 33. Bg4 Nc5 34. Bxe6
fxe6 35. Qf3 R3b7 36. Rf1 Nd3 37. Nd1 Qg5 38. Qe2 d5 39. exd5 exd5 40. Qe6+ Kg7
41. Re2 h5 42. Nc3 Rd8 43. Qc6 Rbd7 44. Nb5 Re7 45. Rxe7+ Qxe7 46. Qb6 h4 47.
Qd4+ Qe5 48. Qa7+ Kh6 49. Qa5 Re8 50. Nc7 Qe2 51. Kg1 Re5 52. Qc3 d4 53. Qxd4
Qxf1+ 0-1

[Event "World Open"]
[Site "Philadelphia"]
[Date "2011.07.02"]
[Round "5"]
[White "Ehlvest, Jaan"]
[Black "Bercys, Salvijus"]
[Result "1-0"]
[WhiteElo "2583"]
[BlackElo "2468"]
[PlyCount "103"]
[EventDate "2011.06.??"]
[EventType "swiss"]
[EventRounds "9"]
[EventCountry "USA"]
[Source "MonRoi"]

1. d4 Nf6 2. c4 g6 3. Nc3 Bg7 4. e4 d6 5. Be2 O-O 6. Nf3 e5 7. O-O Nc6 8. d5
Ne7 9. b4 Nh5 10. Re1 f5 11. Rb1 Nf6 12. exf5 gxf5 13. c5 e4 14. Ng5 h6 15.
cxd6 Qxd6 16. Nb5 Qd8 17. Nxc7 Qxc7 18. d6 Qd8 19. dxe7 Qxe7 20. Bc4+ Kh8 21.
Nh3 Kh7 22. Nf4 Rd8 23. Qe2 Ng4 24. Bb3 Bd4 25. Rf1 a5 26. h3 Ne5 27. Rd1 axb4
28. Nd5 Qg7 29. Be3 Nd3 30. Rxd3 exd3 31. Qxd3 Bxe3 32. Qxe3 Ra6 33. Rc1 Rc6
34. Rxc6 bxc6 35. Nxb4 Qa1+ 36. Kh2 Qf6 37. Nxc6 Rf8 38. Ne5 Be6 39. Qa7+ Kh8
40. Qc5 Rg8 41. Qd6 Qg7 42. g3 Bxb3 43. axb3 Kh7 44. Nd7 Kh8 45. Nf6 Rc8 46.
Nh5 Qf8 47. Qd4+ Kg8 48. Nf6+ Kf7 49. Nd7 Qe7 50. Ne5+ Ke6 51. Ng6 Qd6 52. Qg7
1-0

[Event "World Open"]
[Site "Philadelphia"]
[Date "2011.07.02"]
[Round "5"]
[White "Molner, Mackenzie"]
[Black "Kacheishvili, Giorgi"]
[Result "1/2-1/2"]
[WhiteElo "2464"]
[BlackElo "2582"]
[PlyCount "83"]
[EventDate "2011.06.??"]
[EventType "swiss"]
[EventRounds "9"]
[EventCountry "USA"]
[Source "MonRoi"]

1. e4 c6 2. d4 d5 3. e5 Bf5 4. Nf3 e6 5. Be2 Ne7 6. O-O c5 7. c4 Nbc6 8. Nc3 a6
9. cxd5 Nxd5 10. Bg5 Nxc3 11. bxc3 Be7 12. Bxe7 Qxe7 13. Nd2 cxd4 14. Nc4 dxc3
15. Nd6+ Kf8 16. f4 c2 17. Qd2 Rd8 18. Bf3 h5 19. Rac1 Bg6 20. Rfe1 f6 21. Qf2
Kg8 22. Bxc6 bxc6 23. f5 exf5 24. Nxf5 Qe6 25. Nd4 Qc4 26. Nxc2 fxe5 27. a3
Bxc2 28. Rxc2 Qa4 29. Rce2 Rf8 30. Qg3 h4 31. Qxe5 Rh6 32. Qc5 Qb5 33. Qc3 Rhf6
34. h3 Qb6+ 35. Re3 Rf4 36. Qe5 R8f5 37. Qe6+ Kh7 38. Kh2 Qb8 39. Kg1 Rf6 40.
Qe5 Qxe5 41. Rxe5 Ra4 42. R1e4 1/2-1/2

[Event "World Open"]
[Site "Philadelphia"]
[Date "2011.07.02"]
[Round "5"]
[White "Lenderman, Alex"]
[Black "Mulyar, Michael"]
[Result "1-0"]
[WhiteElo "2548"]
[BlackElo "2399"]
[PlyCount "63"]
[EventDate "2011.06.??"]
[EventType "swiss"]
[EventRounds "9"]
[EventCountry "USA"]
[Source "MonRoi"]

1. d4 d5 2. c4 c6 3. Nf3 Nf6 4. e3 e6 5. b3 Bd6 6. Bb2 b6 7. Bd3 Bb7 8. O-O O-O
9. Qe2 c5 10. dxc5 Bxc5 11. Rd1 Qe7 12. a3 Nbd7 13. cxd5 Bxd5 14. b4 Bxf3 15.
Qxf3 Bd6 16. Ba6 Ne5 17. Qe2 Nd5 18. Nd2 Rad8 19. g3 Ng6 20. Nf3 Nc7 21. Bd3 e5
22. Bf5 Qf6 23. Be4 Qe7 24. Bf5 Qf6 25. Qc2 Ne6 26. h4 Rfe8 27. h5 Ne7 28.
Bxh7+ Kh8 29. Be4 Ng5 30. Kg2 Nxf3 31. Bxf3 Nf5 32. Qe4 1-0

[Event "World Open"]
[Site "Philadelphia"]
[Date "2011.07.02"]
[Round "5"]
[White "Kekelidze, Mikheil"]
[Black "Kudrin, Sergey"]
[Result "1-0"]
[WhiteElo "2452"]
[BlackElo "2543"]
[PlyCount "97"]
[EventDate "2011.06.??"]
[EventType "swiss"]
[EventRounds "9"]
[EventCountry "USA"]
[Source "MonRoi"]

1. d4 Nf6 2. c4 g6 3. Nc3 d5 4. Bg5 Ne4 5. Bf4 Nxc3 6. bxc3 dxc4 7. Qa4+ c6 8.
Qxc4 Bg7 9. Nf3 Nd7 10. e3 O-O 11. Be2 Nb6 12. Qb3 Nd5 13. Be5 Bxe5 14. Nxe5
Qc7 15. O-O Be6 16. c4 Nb6 17. f4 f6 18. Ng4 c5 19. f5 Bf7 20. fxg6 hxg6 21.
Rac1 Kg7 22. d5 Be8 23. e4 Nd7 24. Qc3 Rh8 25. Rb1 b6 26. g3 Qd6 27. Bd1 Rh5
28. Nf2 Rh8 29. Nd3 Ne5 30. Nxe5 Qxe5 31. Qxe5 fxe5 32. Rb3 Rf8 33. Rxf8 Kxf8
34. h4 Kg7 35. Ra3 Bd7 36. Ba4 Bxa4 37. Rxa4 a5 38. Ra3 Rf8 39. Kg2 Kh6 40. Rb3
Rf6 41. Kh3 Rf2 42. Rxb6 Rxa2 43. Re6 Rc2 44. Rxe5 Rxc4 45. Rxe7 Rd4 46. Kg4 a4
47. Kf4 c4 48. g4 g5+ 49. Kf5 1-0

[Event "World Open"]
[Site "Philadelphia"]
[Date "2011.07.02"]
[Round "5"]
[White "Lee, Michael"]
[Black "Golod, Vitali"]
[Result "0-1"]
[WhiteElo "2395"]
[BlackElo "2592"]
[PlyCount "74"]
[EventDate "2011.06.??"]
[EventType "swiss"]
[EventRounds "9"]
[EventCountry "USA"]
[Source "MonRoi"]

1. c4 g6 2. Nc3 Bg7 3. g3 c5 4. Bg2 Nc6 5. e4 d6 6. Nge2 Bg4 7. f3 Bd7 8. d3 a6
9. a4 e6 10. Be3 Nd4 11. Bf2 Qb6 12. Rb1 Nxe2 13. Kxe2 Ne7 14. Qd2 Nc6 15. b3
Nd4+ 16. Bxd4 cxd4 17. Na2 O-O 18. h4 d5 19. f4 dxe4 20. dxe4 e5 21. Nb4 f5 22.
Nd5 Qd6 23. Kd3 exf4 24. gxf4 fxe4+ 25. Bxe4 Rae8 26. Rbe1 b5 27. axb5 axb5 28.
Qb4 Qxb4 29. Nxb4 bxc4+ 30. bxc4 Rb8 31. Nd5 Rb3+ 32. Kd2 Rb2+ 33. Kc1 Rfb8 34.
h5 Bf5 35. Bxf5 gxf5 36. h6 d3 37. Reg1 Rc2+ 0-1

[Event "World Open"]
[Site "Philadelphia"]
[Date "2011.07.02"]
[Round "5"]
[White "Wang, Puchen"]
[Black "Kojima, Shinya"]
[Result "1/2-1/2"]
[WhiteElo "2437"]
[BlackElo "2328"]
[PlyCount "56"]
[EventDate "2011.06.??"]
[EventType "swiss"]
[EventRounds "9"]
[EventCountry "USA"]
[Source "MonRoi"]

1. e4 c6 2. d4 d5 3. e5 c5 4. dxc5 Nc6 5. Bb5 e6 6. Be3 Nge7 7. Nf3 Nf5 8. Bd4
Nfxd4 9. Qxd4 Qa5+ 10. Nc3 Qxb5 11. Nxb5 Nxd4 12. Nfxd4 Bxc5 13. Nb3 Bb6 14.
Nd6+ Ke7 15. Kd2 Rb8 16. Nxc8+ Rbxc8 17. f3 Rc4 18. g3 h5 19. Kd3 h4 20. c3 Ra4
21. g4 Rf4 22. Rhf1 Rc8 23. Rae1 g5 24. h3 f6 25. exf6+ Kxf6 26. Nd2 e5 27. b3
Re8 28. Rd1 Rc8 1/2-1/2

[Event "World Open"]
[Site "Philadelphia"]
[Date "2011.07.02"]
[Round "5"]
[White "Liam, Henry"]
[Black "Yang, Darwin"]
[Result "0-1"]
[WhiteElo "2150"]
[BlackElo "2434"]
[PlyCount "66"]
[EventDate "2011.06.??"]
[EventType "swiss"]
[EventRounds "9"]
[EventCountry "USA"]
[Source "MonRoi"]

1. e4 e6 2. d4 d5 3. exd5 exd5 4. c4 Nf6 5. Nc3 Be7 6. Nf3 O-O 7. Bd3 dxc4 8.
Bxc4 Nbd7 9. h3 Nb6 10. Bb3 Nbd5 11. O-O c6 12. Re1 Be6 13. Bc2 h6 14. a3 Re8
15. Qd3 Bf8 16. Ne5 Ne7 17. Qg3 g6 18. Qh4 g5 19. Qg3 Bg7 20. Be3 Ned5 21. Rad1
Qd6 22. Bc1 Rad8 23. Bb1 a6 24. f3 Nxc3 25. bxc3 Nd5 26. Rd3 f6 27. f4 Nxf4 28.
Bxf4 gxf4 29. Qg6 fxe5 30. Rg3 fxg3 31. Rf1 e4 32. Bxe4 Bf5 33. Qxf5 Rxe4 0-1

[Event "World Open"]
[Site "Philadelphia"]
[Date "2011.07.02"]
[Round "5"]
[White "Holt, Conrad"]
[Black "Prilleltensky, Matan"]
[Result "1-0"]
[WhiteElo "2417"]
[BlackElo "2100"]
[PlyCount "47"]
[EventDate "2011.06.??"]
[EventType "swiss"]
[EventRounds "9"]
[EventCountry "USA"]
[Source "MonRoi"]

1. d4 Nf6 2. c4 g6 3. Nc3 Bg7 4. e4 d6 5. Nf3 O-O 6. h3 e5 7. d5 Nh5 8. Nh2 Qe8
9. Be2 Nf4 10. Bf3 f5 11. g3 Nxh3 12. Bg2 Qf7 13. Qf3 fxe4 14. Nxe4 Nf4 15.
gxf4 exf4 16. Bh3 Na6 17. Kf1 h6 18. Bxc8 Raxc8 19. Ng4 h5 20. Nef6+ Kh8 21.
Bd2 Nc5 22. Re1 c6 23. Bc3 Na4 24. Qe4 1-0

[Event "World Open"]
[Site "Philadelphia"]
[Date "2011.07.02"]
[Round "5"]
[White "Gelashvili, Tamaz"]
[Black "Korley, Kassa"]
[Result "1-0"]
[WhiteElo "2616"]
[BlackElo "2292"]
[PlyCount "95"]
[EventDate "2011.06.??"]
[EventType "swiss"]
[EventRounds "9"]
[EventCountry "USA"]
[Source "MonRoi"]

1. e4 c6 2. d4 d5 3. e5 Bf5 4. h4 h5 5. c4 e6 6. Nc3 Ne7 7. Bg5 Qb6 8. Qd2 Nd7
9. Nf3 Bg4 10. c5 Qc7 11. Be2 Nf5 12. b4 a5 13. b5 Bxf3 14. Bxf3 Nxe5 15. dxe5
Qxe5+ 16. Kf1 Bxc5 17. Re1 Qd4 18. bxc6 Qxd2 19. Bxd2 bxc6 20. Rb1 Bb4 21. Be1
Ke7 22. Rh3 g6 23. Bd1 Rhb8 24. Rc1 c5 25. a3 Bxc3 26. Bxc3 c4 27. Bc2 Nd6 28.
a4 Rb7 29. Ke2 Kd7 30. Kd2 Kc6 31. Rd1 Nc8 32. Rf3 Kd6 33. Ke3 Ne7 34. Rxf7
Nf5+ 35. Bxf5 Rxf7 36. Bxg6 Rb7 37. Bc2 Rg8 38. g3 Rg4 39. Ke2 Kc5 40. Kf1 Rd7
41. Be5 d4 42. Rb1 Rd5 43. Rb5+ Kc6 44. f3 d3 45. Bxd3 Rxd3 46. fxg4 c3 47.
gxh5 c2 48. Bb2 1-0

[Event "World Open"]
[Site "Philadelphia"]
[Date "2011.07.02"]
[Round "5"]
[White "Getz, Alec"]
[Black "Shabalov, Alexander"]
[Result "0-1"]
[WhiteElo "2292"]
[BlackElo "2586"]
[PlyCount "86"]
[EventDate "2011.06.??"]
[EventType "swiss"]
[EventRounds "9"]
[EventCountry "USA"]
[Source "MonRoi"]

1. e4 c5 2. Nf3 d6 3. d4 cxd4 4. Nxd4 Nf6 5. Nc3 a6 6. h3 e5 7. Nde2 h5 8. g3
Nbd7 9. Bg2 b5 10. a3 Bb7 11. O-O Be7 12. Bg5 Rc8 13. Qd2 O-O 14. Rad1 Rc4 15.
b3 Rc5 16. Be3 Rc7 17. Nd5 Nxd5 18. exd5 Qa8 19. f4 Bf6 20. f5 Rfc8 21. c3 e4
22. Bxe4 Re8 23. Bg2 Nc5 24. Bxc5 Rxc5 25. b4 Rc4 26. Rf3 Re5 27. Rd3 Qe8 28.
Nd4 Bxd5 29. Bxd5 Rxd5 30. Re1 Qc8 31. Re4 Bxd4+ 32. Rdxd4 Rdxd4 33. Rxd4 Rxc3
34. Rxd6 Qc7 35. Qf4 h4 36. Rd4 Rxg3+ 37. Kh2 Qxf4 38. Rxf4 Rxa3 39. Rxh4 Rf3
40. Rd4 Rxf5 41. Kg3 Rf6 42. Rd8+ Kh7 43. Ra8 g6 0-1

[Event "World Open"]
[Site "Philadelphia"]
[Date "2011.07.02"]
[Round "5"]
[White "Gokhale, Chandrashekhar"]
[Black "Sarkar, Justin"]
[Result "0-1"]
[WhiteElo "2268"]
[BlackElo "2385"]
[PlyCount "142"]
[EventDate "2011.06.??"]
[EventType "swiss"]
[EventRounds "9"]
[EventCountry "USA"]
[Source "MonRoi"]

1. d4 d5 2. c4 c6 3. Nf3 Nf6 4. Qc2 dxc4 5. Qxc4 Bf5 6. g3 Nbd7 7. Bg2 e6 8.
O-O Be7 9. Nc3 O-O 10. Re1 Ne4 11. Qb3 Qb6 12. Be3 Qxb3 13. axb3 Nef6 14. Rec1
h6 15. Bd2 Rfd8 16. Na4 Be4 17. Be1 Nd5 18. Nd2 Bxg2 19. Kxg2 Bf6 20. Nf3 g5
21. h3 Kh7 22. e4 Nc7 23. Ba5 Rdc8 24. e5 Be7 25. Bxc7 Rxc7 26. Nc3 Nb6 27. Ne4
Nd5 28. Nfd2 a6 29. Nc4 Rd8 30. Kf3 Nb4 31. Ncd6 b6 32. g4 Kg6 33. Nc4 Rxd4 34.
Nxb6 Rd3+ 35. Kg2 Rxb3 36. Nc4 Nd5 37. Rxa6 Nf4+ 38. Kf1 Rxh3 39. Ng3 Rh4 40.
Ne3 Nd3 41. Rcxc6 Rxc6 42. Rxc6 Nxe5 43. Ra6 Bc5 44. Ra5 Bxe3 45. Rxe5 Bf4 46.
Re4 Bxg3 47. fxg3 Rh2 48. b4 Rb2 49. Ke1 Rb3 50. Kd2 Rxg3 51. Kc2 Ra3 52. b5 h5
53. b6 Ra8 54. gxh5+ Kxh5 55. b7 Rb8 56. Rb4 g4 57. Kd3 Kh4 58. Ke2 Kh3 59. Kf2
f5 60. Rb6 Kh4 61. Rb5 Kg5 62. Kg3 e5 63. Rb4 f4+ 64. Kg2 e4 65. Rb5+ Kh4 66.
Rb4 e3 67. Kg1 Kg3 68. Kf1 f3 69. Rb3 e2+ 70. Ke1 Kg2 71. Rb1 Rxb7 0-1